000 00474nam a2200181Ia 4500
001 20909
005 20260306172840.0
008 260306t2017||||xx |||||||||||||| ||spa||
041 _aESP
082 _a343.8
_bO97T
100 _aOyola Lázaro, Cynthia
_eAUT
245 0 _aTratamiento tributario de las transacciones realizadas con no domiciliados
260 _c2017
300 _a78 páginas :
_c24 cm.
650 _aGEN
654 _aCCO
942 _cLIB
_dJUS
_fJUS
_2ddc
_n
999 _c20909
_d20909